Регионална библиотека "Любен Каравелов" - Русе

Сирашки души (Запис номер 65010)

MARC детайли
000 -Лидер
Контролно поле с фиксирана дължина 01475nam a2200409 c 4500
003 - Код на организацията, давaща контролен номер
Контролно поле BLK
005 - Дата и час на последна редакция
Контролно поле 20200222094942.0
008 - Елементи от данни с фиксирана дължина
fixed length control field 180408b bul|||||r ||||||| ||bul||
010 ## - Наследен системен номер
LC control number KNG00069284000
020 ## - Международен стандартен номер на книга ISBN
Международен стандартен номер на книга ISBN 954-15-0115-6
-- издат.: Зограф
040 ## - Източник на каталожния запис
Идентификатор на билиотеката - собственик на записа BLK
041 ## - Код за език
Код за езика на текст/звукозапис или на отделно заглавие Български
Код за езика КДБФ Български
080 ## - УДК
Текстов определител УДК Немска литература
УДК код - определител по УДК 821.112.2
УДК определител -32
УДК - код + определител 821.112.2-32
080 ## - УДК
Текстов определител УДК Кучета
УДК код - определител по УДК 636.7
УДК определител (0:82-32)
УДК - код + определител 636.7(0:82-32)
100 1# - Редна дума - Автор
Автор Родриан, Ханелоре
Авторска отговорност първи автор
R(LIN) 292275
139 ## - Редно поле
Редна дума Родриан, Ханелоре
Авторски знак Родо - Р 75
245 10 - Сведения за заглавието
Заглавие Сирашки души
Подзаглавни данни За кучетата и хората и за силата на любовта
Редно поле (дума) Ханелоре Родриан; прев. от нем. Веселина Георгиева.
257 ## - Страна на издаване
Страна на създаване/издаване Германия
260 ## - Област на издателските данни
-- Варна
Име на издателя, разпространителя и проч. Зограф
Година на издаване 2005
300 ## - Физическа характеристика
Страници 193 с., 6 л.
Илюстрации и др. цв. ил.
Размери/Мащаб 20 см
380 ## - Жанр
Жанр Худож. лит.
500 ## - Общи забележки
Забележка Ориг. загл. Waisenseelen.
650 #4 - Допълнително описание по предмет – тема
Основно описание – тема или топоним Кучета
9 (RLIN) 160024
651 #4 - Допълнително описание по предмет - топоним
Географско понятие Русе
9 (RLIN) 179462
651 #4 - Допълнително описание по предмет - топоним
Географско понятие Шумен
9 (RLIN) 179809
651 #4 - Допълнително описание по предмет - топоним
Географско понятие България
9 (RLIN) 241624
653 ## - Ключова дума – ненормативна
Ключова дума кучета
653 ## - Ключова дума – ненормативна
Ключова дума приюти
653 ## - Ключова дума – ненормативна
Ключова дума Русе
653 ## - Ключова дума – ненормативна
Ключова дума Шумен
700 1# - Други автори (авторска отговорност)
Лично име Георгиева, Веселина
Автороска отговорност (Описва отношението между автора и произведението) прев. от нем.
9 (RLIN) 367464
852 ## - Местоположение
Форматна сигнатура Цб 229997
856 4# - Електронен адрес и достъп
Електронен формат pdf - файл
Път до файла /url/
856 4# - Електронен адрес и достъп
Електронен формат pdf - файл
Път до файла /url/
942 ## - АРТИКУЛИ
Вид на библиотечния материал Книги
Скрит в OPAC Не
Koha issues (borrowed), all copies 2
944 ## - СЪЗДАВАНЕ И РЕДАКЦИЯ на ЗАПИСА
Създаване/Редакция Създаване
Дата на регистрацията/редакция 09.11.2006
Статус, дата на статуса ф /
Служител, извършил регистрацията/редакцията Геновева_Генчева
944 ## - СЪЗДАВАНЕ И РЕДАКЦИЯ на ЗАПИСА
Създаване/Редакция Редакция
Дата на регистрацията/редакция 04.04.2016
Статус, дата на статуса ф /
Служител, извършил регистрацията/редакцията Людмила_Стоянова
999 ## - СИСТЕМНИ КОНТРОЛНИ НОМЕРА
Koha biblionumber 65010
Koha biblioitemnumber 65010
Наличности
Код за отписване Код за изгубен артикул Код за повреда Коз за рестрикции Код за отдаване Артикулен № Име на библиотеката - собственик Име на библиотеката, в която се намира в момента Статус (Текущо местоположение) Дата на вписване в системата Местоположение - отдел Цена в лева Инвентарен номер Систематично азбучна сигнатура Баркод Номер на екземпляра Цена в евро Служебна бележка Служебен тип на артикула
  Не е изгубен Не е повреден без рестрикции ползва се в читалня 107308 Регионална библиотека "Любен Каравелов" Русе Регионална библиотека "Любен Каравелов" Русе Хранилище 2006-11-09 Хранилище 0.00 120000706561 Цб 229997 120000706561 1 0.00 Дост: Dp Вид: Д N: 50 Дата: 30.11.2005 Книги
  Не е изгубен Не е повреден без рестрикции заемане за дома 107309 Регионална библиотека "Любен Каравелов" Русе Регионална библиотека "Любен Каравелов" Русе Детски отдел 2016-03-24 Детски отдел 12.00 120000799120 ДХ 820/899/Р 75 120000799120 2 6.14 Дост: DA Вид: А N: 13 Дата: 24.03.2016 Книги
  Не е изгубен Не е повреден без рестрикции заемане за дома 107310 Регионална библиотека "Любен Каравелов" Русе Регионална библиотека "Любен Каравелов" Русе Детски отдел 2016-03-24 Детски отдел 12.00 120000799121 ДХ 820/899/Р 75 120000799121 3 6.14 Дост: DA Вид: А N: 13 Дата: 24.03.2016 Книги
  Не е изгубен Не е повреден без рестрикции заемане за дома 107311 Регионална библиотека "Любен Каравелов" Русе Регионална библиотека "Любен Каравелов" Русе Детски отдел 2016-03-24 Детски отдел 12.00 120000799122 ДХ 820/899/Р 75 120000799122 4 6.14 Дост: DA Вид: А N: 13 Дата: 24.03.2016 Книги
  Не е изгубен Не е повреден без рестрикции заемане за дома 107312 Регионална библиотека "Любен Каравелов" Русе Регионална библиотека "Любен Каравелов" Русе Детски отдел 2016-03-24 Детски отдел 12.00 120000799123 ДХ 820/899/Р 75 120000799123 5 6.14 Дост: DA Вид: А N: 13 Дата: 24.03.2016 Книги
Vip Innovations Ltd, Rousse, Bulgaria 2025